00826nam a2200193 4500001000700000003000900007005001700016007000300033008004100036100002800077245022000105250001200325260005600337300003800393700002800431852003200459999001900491952012200510143914ES-MaACL20230906200914.0t|070214s1965 sp r ||||1| spa d1 aShanahan, E. W.910600110aAmérica del Sur b: geografía económica y regional : con un capítulo histórico / cE. W. Shanahan ; traducción de la última edición inglesa, revisada y puesta al día, por Joaquina Comas del Candel. a3ª ed. aBarcelona : bOmega, c1965 (fAgustín Núñez) a381 p. : bil. ; c23 cm + emap.0 aComas, Joaquina.939934 aES-MaACLjC-28723 bR.58104 c143914d143914 00104070aATENEOMbATENEOMcDEPO2d2008-01-17eSCl0oC-28723p1149730r2023-02-23 00:00:00w2023-02-23yMONOGRAFIA